[Event "Weiße Dame Borbeck 1 - Oberhausener SV "]
[Site "Regionalliga 2017/2018"]
[Date "2017.10.22"]
[Round "2.2"]
[White "Hillenbrand, Michael"]
[Black "Joergens, Markus"]
[Result "1-0"]
[WhiteElo "2101"]
[BlackElo "2004"]
[PlyCount "77"]
[EventDate "2017.??.??"]

1. c4 e6 2. Nf3 d5 3. cxd5 exd5 4. g3 c6 5. Bg2 Nf6 6. b3 Be7 7. Bb2 Bf5 8. d3
h6 9. Nbd2 O-O 10. O-O a5 11. a3 Na6 12. Rc1 Re8 13. Rc2 Bc5 14. Nd4 Bg4 15.
N2f3 Qb6 16. Qa1 Bf8 17. h3 Bd7 18. Rd2 c5 19. Nc2 Qxb3 20. Bxf6 gxf6 21. Rb1
Qa4 22. Qxf6 Bg7 23. Qd6 Bc6 24. d4 Rad8 25. Qf4 c4 26. e3 c3 27. Re2 Bb5 28.
Ree1 Re7 29. Nh4 Qxc2 30. Nf5 Re6 31. Qg4 Rg6 32. Ne7+ Kh7 33. Nxg6 fxg6 34.
Rxb5 Qa4 35. Rb6 Qe8 36. Rc1 h5 37. Qg5 Nc7 38. Rxc3 Ne6 39. Rxe6 1-0

[Event "Weiße Dame Borbeck 1 - Oberhausener SV "]
[Site "Regionalliga 2017/2018"]
[Date "2017.10.22"]
[Round "2.3"]
[White "Matzat, Andre"]
[Black "Klasmeier, Jens"]
[Result "1/2-1/2"]
[WhiteElo "2057"]
[BlackElo "2095"]
[PlyCount "106"]
[EventDate "2017.??.??"]

1. d4 f5 2. Bf4 Nf6 3. e3 g6 4. h4 h6 5. Nc3 Bg7 6. Bc4 d6 7. Qf3 Nh5 8. O-O-O
c6 9. Nge2 d5 10. Bd3 Be6 11. g4 fxg4 12. Bxg6+ Kd7 13. Qg2 Nf6 14. Be5 Kc8 15.
Nf4 Qg8 16. Bd3 Bf7 17. Bf5+ Nbd7 18. Bxf6 Bxf6 19. Qxg4 Qxg4 20. Bxg4 Kc7 21.
Bh5 Bxh5 22. Nxh5 Rhg8 23. Nxf6 Nxf6 24. Rhg1 Ng4 25. Rg2 Nf6 26. Rdg1 Rxg2 27.
Rxg2 Rg8 28. Rxg8 Nxg8 29. Ne2 Kd6 30. Kd2 e5 31. f3 Ne7 32. Ng3 Ng6 33. h5 Ne7
34. Kd3 exd4 35. Kxd4 c5+ 36. Kd3 b5 37. c3 Ke6 38. b3 Nc6 39. f4 c4+ 40. Kd2
cxb3 41. axb3 a5 42. Kd3 Ne7 43. Kd4 Nc6+ 44. Kc5 a4 45. bxa4 bxa4 46. Ne2 Na5
47. Nd4+ Kf6 48. Kxd5 a3 49. Nc2 a2 50. Na1 Kf5 51. e4+ Kxf4 52. e5 Kf5 53. c4
Nxc4 1/2-1/2

[Event "Weiße Dame Borbeck 1 - Oberhausener SV "]
[Site "Regionalliga 2017/2018"]
[Date "2017.10.22"]
[Round "2.4"]
[White "Dewenter, Ulf"]
[Black "Gerst, Michael"]
[Result "1-0"]
[WhiteElo "2120"]
[BlackElo "2004"]
[PlyCount "153"]
[EventDate "2017.??.??"]

1. d4 Nf6 2. Nf3 e6 3. g3 d5 4. Bg2 Be7 5. c4 O-O 6. O-O c5 7. cxd5 exd5 8. Nc3
Nc6 9. Bg5 cxd4 10. Nxd4 h6 11. Bf4 Bg4 12. Rc1 Rc8 13. Re1 Nxd4 14. Qxd4 Bc5
15. Qd2 Be6 16. Na4 Be7 17. Rxc8 Qxc8 18. Rc1 Qd7 19. Qd4 Rc8 20. Rxc8+ Qxc8
21. Qd1 Qc4 22. b3 Qc6 23. Be3 a6 24. Bd4 Ne4 25. f3 Nf6 26. Qd2 b5 27. Qc3 Qb7
28. Nc5 Bxc5 29. Qxc5 Qc8 30. Qxc8+ Bxc8 31. Bxf6 gxf6 32. Kf2 Kf8 33. b4 Ke7
34. Ke3 Kd6 35. Kd4 Bb7 36. f4 Bc6 37. Bf3 f5 38. Bh5 f6 39. e3 Bd7 40. Bd1 Bc8
41. a4 bxa4 42. Bxa4 Be6 43. Be8 Bg8 44. Bg6 Be6 45. Bh5 Bd7 46. Bd1 Bb5 47.
Bc2 Bd7 48. Bd3 Bc8 49. Be2 Kc6 50. h3 Kd6 51. Bf3 Be6 52. g4 fxg4 53. hxg4 Kc6
54. f5 Bf7 55. Be2 Kb6 56. Bf3 Kc6 57. Bg2 Bg8 58. e4 dxe4 59. Bxe4+ Kb5 60.
Bd5 Bxd5 61. Kxd5 Kxb4 62. Ke6 a5 63. Kxf6 a4 64. Kg6 a3 65. f6 a2 66. f7 a1=Q
67. f8=Q+ Kc4 68. Kxh6 Qe5 69. g5 Qh2+ 70. Kg7 Kd5 71. g6 Qe5+ 72. Qf6 Qb8 73.
Kh7 Qh2+ 74. Kg8 Qh3 75. g7 Qc8+ 76. Kf7 Qc7+ 77. Kg6 1-0

[Event "Weiße Dame Borbeck 1 - Oberhausener SV "]
[Site "Regionalliga 2017/2018"]
[Date "2017.10.22"]
[Round "2.5"]
[White "Groß, Thomas"]
[Black "Poetter, Clemens"]
[Result "1/2-1/2"]
[WhiteElo "1948"]
[BlackElo "1983"]
[PlyCount "42"]
[EventDate "2017.??.??"]

1. Nf3 Nf6 2. g3 d5 3. Bg2 g6 4. b3 Bg7 5. Bb2 O-O 6. c4 c6 7. O-O Bf5 8. d3
Nbd7 9. Qc2 Re8 10. Ne5 Nxe5 11. Bxe5 Qd7 12. Nd2 Bh3 13. Nf3 Bxg2 14. Kxg2
Rac8 15. Qb2 Nh5 16. Bxg7 Nxg7 17. Rac1 f6 18. d4 Nf5 19. cxd5 cxd5 20. Rxc8
Rxc8 21. Rc1 Rxc1 1/2-1/2

[Event "Weiße Dame Borbeck 1 - Oberhausener SV "]
[Site "Regionalliga 2017/2018"]
[Date "2017.10.22"]
[Round "2.6"]
[White "Korste, Sebastian"]
[Black "Stefaniak, Christian"]
[Result "1/2-1/2"]
[WhiteElo "1916"]
[BlackElo "1920"]
[PlyCount "89"]
[EventDate "2017.??.??"]

1. d4 e6 2. c4 Nf6 3. Nc3 Bb4 4. e3 O-O 5. Nge2 b6 6. a3 Bxc3+ 7. Nxc3 Bb7 8.
Bd3 d5 9. cxd5 exd5 10. O-O c5 11. b4 c4 12. Be2 Re8 13. a4 Nc6 14. Ba3 Ne7 15.
Qc2 Qd7 16. Rad1 Nf5 17. Bc1 Nd6 18. Bf3 h6 19. Rfe1 a6 20. g3 Re7 21. Bg2 Rae8
22. Ba3 b5 23. Ra1 Bc6 24. axb5 axb5 25. Bb2 Qb7 26. Ra5 Ra8 27. Rea1 Ree8 28.
Qb1 g6 29. Qa2 Kg7 30. Rxa8 Rxa8 31. Qxa8 Qxa8 32. Rxa8 Bxa8 33. f3 Bc6 34. e4
Nc8 35. e5 Ne8 36. Bc1 Nc7 37. f4 Nb6 38. Kf2 Na4 39. Bd2 Nxc3 40. Bxc3 h5 41.
Bh3 f5 42. Bg2 Kf7 43. h3 Bd7 44. Ke3 Be6 45. Bf3 1/2-1/2

[Event "Weiße Dame Borbeck 1 - Oberhausener SV "]
[Site "Regionalliga 2017/2018"]
[Date "2017.10.22"]
[Round "2.7"]
[White "Seibert, Michael"]
[Black "Kindermann, Carsten"]
[Result "1-0"]
[WhiteElo "1929"]
[BlackElo "1918"]
[PlyCount "25"]
[EventDate "2017.??.??"]

1. d4 d5 2. Bg5 c5 3. dxc5 Qa5+ 4. Nc3 e6 5. e4 dxe4 6. b4 Qc7 7. Nb5 Qd7 8.
Qxd7+ Kxd7 9. O-O-O+ Kc6 10. Nd4+ Kd5 11. c4+ Ke5 12. f4+ exf3 13. Ngxf3+ 1-0

[Event "Weiße Dame Borbeck 1 - Oberhausener SV "]
[Site "Regionalliga 2017/2018"]
[Date "2017.10.22"]
[Round "2.8"]
[White "Klasmeier, Hartmut"]
[Black "Hombrecher, Kai"]
[Result "0-1"]
[WhiteElo "1896"]
[BlackElo "1861"]
[Annotator "Daniel"]
[PlyCount "93"]
[EventDate "2017.??.??"]

1. e4 c6 2. d4 d5 3. e5 Bf5 4. Nf3 e6 5. Be2 Ne7 6. Nh4 Bg6 7. Nxg6 hxg6 8. Nd2
Nf5 9. Nb3 Nd7 10. h3 Be7 11. Qd3 Rc8 12. Bd2 a6 13. g4 Nh4 14. Qg3 Qc7 15. c4
dxc4 16. Bxc4 c5 17. Rc1 b5 18. Be2 Qb7 19. O-O c4 20. Na1 Qe4 21. Be3 Nb6 22.
Nc2 Na4 23. f3 Qd5 24. Rb1 c3 25. b3 Nb6 26. Bd3 Qd8 27. a4 Nd5 28. Bc1 Nb4 29.
Rd1 Nxd3 30. Rxd3 b4 31. Be3 Qd5 32. Bf2 a5 33. Kh2 f5 34. g5 Bxg5 35. Qxg5
Nxf3+ 36. Rxf3 Qxf3 37. Qxg6+ Kf8 38. Qg3 Qe2 39. Rc1 g5 40. Qe3 Qh5 41. h4 f4
42. Qe4 Rc7 43. d5 g4 44. Nd4 g3+ 45. Bxg3 fxg3+ 46. Kh3 exd5 47. Qf4+ {ZAo}
0-1

[Event "SC Hansa Dortmund 2 - SK Sodingen/Castr"]
[Site "Regionalliga 2017/2018"]
[Date "2017.10.22"]
[Round "2.1"]
[White "Waldschmidt, Georg"]
[Black "Babar, Michael"]
[Result "0-1"]
[WhiteElo "2209"]
[BlackElo "2101"]
[PlyCount "90"]
[EventDate "2017.??.??"]

1. e4 e5 2. Nf3 Nc6 3. Bb5 a6 4. Ba4 Nf6 5. O-O b5 6. Bb3 Be7 7. Re1 d6 8. c3
O-O 9. h3 Na5 10. Bc2 c5 11. d4 Qc7 12. Nbd2 Nc6 13. d5 Nb8 14. a4 Qb7 15. Qe2
Bd7 16. Nf1 Ne8 17. Ng3 g6 18. Nh2 Ng7 19. Ng4 f5 20. Nh6+ Kh8 21. exf5 gxf5
22. Nh5 Nxh5 23. Qxh5 Be8 24. Qe2 Bg6 25. axb5 axb5 26. Rxa8 Qxa8 27. Qxb5 Qxd5
28. Rd1 Qe6 29. Bb3 Qd7 30. Qc4 Kg7 31. Qe2 Nc6 32. g4 f4 33. Nf5+ Bxf5 34.
gxf5 Qxf5 35. Kh2 Kh8 36. Rg1 Nd8 37. Rg4 Nf7 38. Bc2 Qf6 39. Qe4 Qh6 40. b4
Ng5 41. Qg2 cxb4 42. cxb4 Rc8 43. Bb3 Rc3 44. Rxg5 Qxg5 45. Qa8+ Bd8 0-1

[Event "SC Hansa Dortmund 2 - SK Sodingen/Castr"]
[Site "Regionalliga 2017/2018"]
[Date "2017.10.22"]
[Round "2.2"]
[White "Berndt, Joachim"]
[Black "Boehnke, Martin"]
[Result "1/2-1/2"]
[WhiteElo "2040"]
[BlackElo "2118"]
[PlyCount "45"]
[EventDate "2017.??.??"]

1. Nf3 d5 2. e3 Nf6 3. c4 g6 4. d4 Bg7 5. cxd5 Nxd5 6. e4 Nb6 7. Be2 O-O 8. O-O
Bg4 9. Nbd2 Nc6 10. d5 Nb8 11. h3 Bxf3 12. Nxf3 c6 13. a4 cxd5 14. a5 dxe4 15.
Qxd8 Rxd8 16. axb6 exf3 17. Bxf3 Nc6 18. Bxc6 bxc6 19. Rxa7 Rab8 20. Be3 Bd4
21. Bxd4 Rxd4 22. Rxe7 Rxb6 23. Re2 1/2-1/2

[Event "SC Hansa Dortmund 2 - SK Sodingen/Castr"]
[Site "Regionalliga 2017/2018"]
[Date "2017.10.22"]
[Round "2.3"]
[White "Kusnetsov, Mark"]
[Black "Burchert, Wolfgang"]
[Result "1/2-1/2"]
[WhiteElo "2104"]
[BlackElo "2037"]
[Annotator "Daniel"]
[PlyCount "65"]
[EventDate "2017.??.??"]

1. d4 Nf6 2. Nf3 e6 3. c4 Bb4+ 4. Nc3 O-O 5. Qc2 d5 6. a3 Bxc3+ 7. Qxc3 dxc4 8.
Qxc4 b6 9. Bg5 Ba6 10. Qc2 Nbd7 11. Rd1 Qc8 12. g3 c5 13. Bg2 cxd4 14. Nxd4
Qxc2 15. Nxc2 Rac8 16. Nb4 Bb5 17. Na2 Rc2 18. Rd2 Rfc8 19. Nc3 Rc1+ 20. Rd1
Rxd1+ 21. Kxd1 Bc6 22. Bxc6 Rxc6 23. Bxf6 Nxf6 24. e4 Kf8 $11 25. Ke2 Ke7 26.
Rd1 Nd7 27. f4 a6 28. Ke3 b5 29. Rd3 Nb6 30. b3 Nd7 31. Ne2 Rc2 32. e5 Nb6 33.
Rd6 1/2-1/2

[Event "SC Hansa Dortmund 2 - SK Sodingen/Castr"]
[Site "Regionalliga 2017/2018"]
[Date "2017.10.22"]
[Round "2.4"]
[White "Prueske, Wolfgang"]
[Black "Werrn, Pascal"]
[Result "1/2-1/2"]
[WhiteElo "1966"]
[BlackElo "2068"]
[PlyCount "84"]
[EventDate "2017.??.??"]

1. e4 c5 2. Nf3 Nc6 3. Bb5 Nf6 4. Qe2 g6 5. O-O Bg7 6. c3 O-O 7. e5 Nd5 8. d4
cxd4 9. cxd4 d6 10. Nc3 Be6 11. Bxc6 bxc6 12. Ng5 Qd7 13. Nxe6 Qxe6 14. f4 f6
15. exd6 Qxe2 16. Nxe2 f5 17. dxe7 Rfe8 18. Bd2 Rxe7 19. Rfe1 Rb8 20. Rab1 Rbe8
21. Kf1 Re4 22. Nc3 Rxe1+ 23. Rxe1 Rxe1+ 24. Kxe1 Bxd4 25. Nxd5 cxd5 26. b4 Kf7
27. Ke2 a6 28. Kd3 Bf6 29. Be3 Ke6 30. Bc5 Kd7 31. a4 Kc6 32. Bd4 Be7 33. Kc3
Bd6 34. g3 Be7 35. Be5 Bf8 36. Bd4 Be7 37. Be5 Bd8 38. Bd4 Bc7 39. Be5 Bb6 40.
Bd4 Bd8 41. Be5 Be7 42. Bd4 Bd8 1/2-1/2

[Event "SC Hansa Dortmund 2 - SK Sodingen/Castr"]
[Site "Regionalliga 2017/2018"]
[Date "2017.10.22"]
[Round "2.5"]
[White "Hille, Ralph Ingo"]
[Black "Linker, Walter"]
[Result "0-1"]
[WhiteElo "2061"]
[BlackElo "2027"]
[PlyCount "98"]
[EventDate "2017.??.??"]

1. b3 e5 2. Bb2 d6 3. e3 f5 4. d4 e4 5. c4 Nf6 6. Nc3 c6 7. d5 Be7 8. Nh3 O-O
9. Be2 Na6 10. O-O Nd7 11. f3 exf3 12. gxf3 Qb6 13. Qd2 Nac5 14. Kh1 Ne5 15.
Rg1 a5 16. Rg2 a4 17. Rag1 Rf7 18. Ng5 Bxg5 19. Rxg5 a3 20. Ba1 Qd8 21. b4 Na6
22. dxc6 bxc6 23. b5 Nc7 24. bxc6 Ne6 25. R5g2 Ra6 26. c7 Qxc7 27. c5 Qxc5 28.
Nd5 Bb7 29. e4 Ra8 30. Rc1 Qa7 31. f4 Ng6 32. Bc4 Kh8 33. exf5 Rxf5 34. Qd3
Raf8 35. Rd1 Bxd5 36. Bxd5 Nexf4 37. Qc4 Nxg2 38. Bxg2 Nf4 39. Bd4 Qe7 40. Bf3
Ng6 41. Bd5 Ne5 42. Qe2 Qh4 43. Bg2 Ng4 44. Bg1 Nf2+ 45. Bxf2 Rxf2 46. Qe1 Qf4
47. Rd3 Qc4 48. Qd1 Qxa2 49. Rg3 Qb2 0-1

[Event "SC Hansa Dortmund 2 - SK Sodingen/Castr"]
[Site "Regionalliga 2017/2018"]
[Date "2017.10.22"]
[Round "2.6"]
[White "Hillebrand, Carsten"]
[Black "Mueller, Frank"]
[Result "1-0"]
[WhiteElo "1892"]
[BlackElo "2019"]
[PlyCount "71"]
[EventDate "2017.??.??"]

1. c4 Nf6 2. g3 g6 3. Bg2 c5 4. Nc3 Nc6 5. e4 Bg7 6. Nge2 d6 7. d3 Bd7 8. O-O
O-O 9. Rb1 Rb8 10. a4 a6 11. h3 Ne8 12. Be3 Nd4 13. b4 cxb4 14. Rxb4 Nxe2+ 15.
Nxe2 b5 16. axb5 axb5 17. cxb5 Rxb5 18. Rxb5 Bxb5 19. Qb1 Bd7 20. Rc1 Nf6 21.
Rc4 Be6 22. Rb4 Nd7 23. Nf4 Nc5 24. d4 Na6 25. Nxe6 fxe6 26. Rb7 Nb8 27. Qb3
Kf7 28. Qb5 Qc8 29. Qb6 Rd8 30. h4 Bf6 31. Bh3 Nd7 32. Qa7 Nf8 33. Qb6 Rd7 34.
Rb8 Qc7 35. Qb3 Qc6 36. d5 1-0

[Event "SC Hansa Dortmund 2 - SK Sodingen/Castr"]
[Site "Regionalliga 2017/2018"]
[Date "2017.10.22"]
[Round "2.7"]
[White "Rohovoy, Dmitrij"]
[Black "Krueger, Simon"]
[Result "1/2-1/2"]
[WhiteElo "1935"]
[BlackElo "1966"]
[PlyCount "73"]
[EventDate "2017.??.??"]

1. d4 Nf6 2. c4 c5 3. e3 g6 4. Nf3 Bg7 5. Nc3 cxd4 6. exd4 O-O 7. Be2 d6 8. O-O
Nbd7 9. Bg5 Re8 10. Qc2 a6 11. Rac1 Rb8 12. Rfd1 Qa5 13. a3 e5 14. b4 Qc7 15.
dxe5 dxe5 16. Qb3 e4 17. Nd4 b6 18. Nd5 Nxd5 19. cxd5 Qd6 20. Rc6 Qe5 21. Qe3
Qxd5 22. Rcc1 Ne5 23. Nc6 Qxc6 24. Rxc6 Nxc6 25. Bc4 Bg4 26. Rc1 Ne5 27. Bxa6
b5 28. Bf4 Bf5 29. Rc5 Ng4 30. Qc1 Bd4 31. Be3 Nxe3 32. fxe3 Bxc5 33. Qxc5 Bd7
34. Qc7 Red8 35. h4 h5 36. Bb7 Bf5 37. Ba6 1/2-1/2

[Event "SC Hansa Dortmund 2 - SK Sodingen/Castr"]
[Site "Regionalliga 2017/2018"]
[Date "2017.10.22"]
[Round "2.8"]
[White "Zelt, Jens"]
[Black "Becker, Joerg"]
[Result "1-0"]
[WhiteElo "2033"]
[BlackElo "2114"]
[PlyCount "91"]
[EventDate "2017.??.??"]

1. d4 Nf6 2. Nf3 d5 3. Bf4 e6 4. c3 Be7 5. e3 O-O 6. Nbd2 b6 7. Bd3 Ba6 8. Bxa6
Nxa6 9. Ne5 c5 10. Qe2 Nb8 11. O-O Nbd7 12. Nc6 Qe8 13. Qa6 Nh5 14. Bc7 cxd4
15. cxd4 Nc5 16. dxc5 Qxc6 17. cxb6 axb6 18. Qxb6 Qc2 19. Nf3 Bc5 20. Qc6 Rfc8
21. Rac1 Qxb2 22. Qxc5 Qxa2 23. Qb4 Nf6 24. Be5 Rxc1 25. Rxc1 Ne4 26. Qe1 Re8
27. Ra1 Qc4 28. Nd2 Nxd2 29. Qxd2 f6 30. Bg3 Rc8 31. h3 h5 32. Bd6 Qe4 33. Qd1
Qg6 34. Rb1 Kh7 35. Rb4 Rc6 36. Bg3 Qe8 37. Rb8 Rc8 38. Rb7 Kh6 39. h4 Qc6 40.
Rb1 e5 41. Qf3 Qc4 42. Rb6 Qc5 43. Rxf6+ gxf6 44. Qxf6+ Kh7 45. Qf7+ Kh6 46.
Bxe5 1-0

[Event "SF Essen-Werden 1 - SV Erkenschwick 2"]
[Site "Verbandsliga, Gruppe 1 2017/2"]
[Date "2017.10.08"]
[Round "2.1"]
[White "Trzaska, Peter"]
[Black "Roth, Markus"]
[Result "0-1"]
[WhiteElo "2044"]
[BlackElo "2143"]
[Annotator "Daniel"]
[PlyCount "114"]
[EventDate "2017.??.??"]

1. d4 Nf6 2. Nf3 g6 3. c4 Bg7 4. Nc3 O-O 5. e4 d6 6. Be2 c5 7. dxc5 dxc5 8.
Qxd8 Rxd8 9. Be3 b6 10. O-O Nc6 11. Rfd1 Ng4 12. Rxd8+ Nxd8 13. Bg5 Bxc3 14.
bxc3 f6 15. Rd1 Be6 16. Bf4 g5 17. Bg3 Nc6 18. h3 $11 Nh6 19. e5 Nf5 20. exf6
exf6 21. Bh2 Kf7 22. g4 Nfe7 23. Rd6 Na5 24. Nd2 Re8 25. Ne4 Nc8 26. f3 Ke7 27.
Rd1 Bxc4 28. Bxc4 Nxc4 29. Re1 Kf7 30. Rd1 a5 31. Rd7+ Re7 32. Rd8 Na7 33. Bd6
Re6 34. Rd7+ Ke8 35. Rxa7 Nxd6 36. Ng3 Re7 37. Ra8+ Kd7 38. Nh5 Ke6 39. Rb8 b5
40. Rd8 Rf7 41. Ng3 Rd7 42. Ra8 a4 43. Ra6 Kd5 44. Nh5 Rf7 45. f4 Ne4 46. f5
Nxc3 47. Nxf6+ Kc4 48. Ne8 Rf8 49. Nd6+ Kd5 50. Nb7 c4 51. Rd6+ Ke5 52. Rb6 h5
53. Nc5 Rd8 54. Rb7 hxg4 55. hxg4 Rd4 56. Nd7+ Kf4 57. f6 Kg3 0-1

[Event "SF Essen-Werden 1 - SV Erkenschwick 2"]
[Site "Verbandsliga, Gruppe 1 2017/2"]
[Date "2017.10.08"]
[Round "2.2"]
[White "ter Steeg, Marcus"]
[Black "Schulze Bisping, Franz-Adolf"]
[Result "1-0"]
[WhiteElo "2061"]
[BlackElo "1894"]
[PlyCount "93"]
[EventDate "2017.??.??"]

1. d4 e6 2. c4 f5 3. g3 Nf6 4. Bg2 d5 5. Nf3 c6 6. O-O Bd6 7. Nc3 O-O 8. Qc2
Nbd7 9. Rb1 Qe7 10. a3 Ne4 11. b4 Ndf6 12. Na4 Bd7 13. Nc5 Be8 14. Nd3 Bh5 15.
Nfe5 Nd7 16. f3 Bxe5 17. dxe5 Ng5 18. h4 Nf7 19. Nf4 g6 20. e4 fxe4 21. fxe4
Bg4 22. exd5 Bf5 23. Be4 Nfxe5 24. Bxf5 exf5 25. Bb2 Rfe8 26. Qc3 Qf6 27. Rbd1
Ng4 28. dxc6 Qxc3 29. Bxc3 Nb6 30. cxb7 Rab8 31. c5 Na4 32. c6 Nxc3 33. c7 Rxb7
34. Rd8 Rxc7 35. Rxe8+ Kf7 36. Rfe1 Ne4 37. Ra8 Rd7 38. Kg2 Kf6 39. Re2 Ke5 40.
b5 Rc7 41. Re8+ Kd6 42. Re6+ Kd7 43. Rc6 Rxc6 44. bxc6+ Kxc6 45. Rc2+ Kb7 46.
Nd5 Nef6 47. Rb2+ 1-0

[Event "SF Essen-Werden 1 - SV Erkenschwick 2"]
[Site "Verbandsliga, Gruppe 1 2017/2"]
[Date "2017.10.08"]
[Round "2.3"]
[White "Broszeit, Peter"]
[Black "Berger, Konstantin"]
[Result "1/2-1/2"]
[WhiteElo "1867"]
[BlackElo "2037"]
[Annotator "Daniel"]
[PlyCount "98"]
[EventDate "2017.??.??"]

1. e4 c5 2. Nf3 Nc6 3. d4 cxd4 4. Nxd4 Nf6 5. Nc3 e5 6. Ndb5 d6 7. Bg5 a6 8.
Na3 b5 9. Nd5 Be7 10. Bxf6 Bxf6 11. c3 O-O 12. Nc2 Bg5 13. a4 bxa4 14. Rxa4 a5
15. Bd3 Rb8 16. b4 axb4 17. cxb4 Bd7 18. Ra6 Ra8 19. O-O Rxa6 20. Bxa6 Qb8 21.
Qd3 Be6 22. Rd1 Rd8 23. b5 Bxd5 24. Qxd5 Ne7 25. Qb7 Qxb7 26. Bxb7 f5 $11 27.
exf5 Rb8 28. Bc6 Nxc6 29. bxc6 Rb6 30. c7 Rc6 31. Ne3 Rxc7 32. Rxd6 Rc1+ 33.
Nf1 Kf7 $11 34. g3 Re1 35. Kg2 e4 36. h4 Bc1 37. g4 Re2 38. Re6 Re1 39. Ng3 e3
40. fxe3 Rxe3 41. Rxe3 Bxe3 42. Kf3 Bc5 43. Ne4 Be7 44. Ng5+ Kg8 45. Ke4 h6 46.
Nf3 Bf6 47. g5 hxg5 48. hxg5 Bc3 49. g6 Kf8 1/2-1/2

[Event "SF Essen-Werden 1 - SV Erkenschwick 2"]
[Site "Verbandsliga, Gruppe 1 2017/2"]
[Date "2017.10.08"]
[Round "2.4"]
[White "Claussen, Uwe"]
[Black "Jungbluth, Rolf"]
[Result "0-1"]
[WhiteElo "2029"]
[BlackElo "1869"]
[Annotator "Daniel"]
[PlyCount "72"]
[EventDate "2017.??.??"]

1. e4 c5 2. Nf3 Nc6 3. d4 cxd4 4. Nxd4 Nf6 5. Nc3 e5 6. Ndb5 d6 7. Bg5 a6 8.
Na3 b5 9. Bxf6 gxf6 10. Nd5 f5 11. Bd3 Bg7 12. Qh5 f4 13. O-O Be6 14. c4 b4 15.
Nc2 a5 16. g3 Bxd5 17. cxd5 Ne7 18. Bb5+ Kf8 19. Rac1 Ng6 20. a4 Bf6 21. Na1
Kg7 $11 22. Rc6 Be7 23. Rfc1 Rg8 24. Rc7 Kh8 25. Qf5 Qf8 26. Kh1 Qh6 27. Nb3
Bg5 28. R1c2 Ne7 29. Qg4 f5 30. exf5 Bf6 31. Qf3 Nxf5 32. Bd3 fxg3 33. fxg3
Nxg3+ 34. Qxg3 Rxg3 35. Rxh7+ Qxh7 36. Bxh7 Rxb3 0-1

[Event "SF Essen-Werden 1 - SV Erkenschwick 2"]
[Site "Verbandsliga, Gruppe 1 2017/2"]
[Date "2017.10.08"]
[Round "2.5"]
[White "Schawacht, Max"]
[Black "Huette, Stefan"]
[Result "0-1"]
[WhiteElo "1859"]
[BlackElo "1982"]
[Annotator "Daniel"]
[PlyCount "98"]
[EventDate "2017.??.??"]

1. e4 d5 2. exd5 Nf6 3. d4 Bg4 4. Bb5+ c6 5. dxc6 Qa5+ 6. Nc3 Nxc6 7. Nge2
O-O-O 8. Bxc6 bxc6 9. Qd3 Bxe2 10. Kxe2 Kb7 11. Bf4 e6 12. h3 Bc5 13. b4 Bxb4
14. Rhb1 Ka8 15. Qc4 c5 16. Nb5 Nd5 17. Nc7+ $11 Nxc7 18. c3 Qb5 19. Qxb5 Nxb5
20. cxb4 Nc3+ 21. Ke3 cxd4+ 22. Kd3 Nxb1 23. Rxb1 f6 24. b5 e5 25. Bd2 Rb8 26.
a4 Rb7 27. Rc1 Kb8 28. Bb4 Rd8 29. Rc6 Rb6 30. Rc5 Re6 31. f3 f5 32. Kd2 g6 33.
g4 h5 34. Ba5 Rd7 35. gxh5 gxh5 36. Ke2 h4 37. Be1 d3+ 38. Kd1 e4 39. Bxh4 e3
40. Bg3+ Kb7 41. Rc6 Rxc6 42. bxc6+ Kxc6 43. Bf4 Re7 44. h4 Kd5 45. h5 Kd4 46.
Bg5 Rb7 47. Bf6+ Kc4 48. Kc1 d2+ 49. Kc2 Rd7 0-1

[Event "SF Essen-Werden 1 - SV Erkenschwick 2"]
[Site "Verbandsliga, Gruppe 1 2017/2"]
[Date "2017.10.08"]
[Round "2.6"]
[White "Rehfeldt, Jens"]
[Black "Strohmann, Marcel"]
[Result "1/2-1/2"]
[WhiteElo "1961"]
[BlackElo "1836"]
[PlyCount "107"]
[EventDate "2017.??.??"]

1. e4 Nf6 2. Nc3 d5 3. e5 d4 4. exf6 dxc3 5. fxg7 cxd2+ 6. Bxd2 Bxg7 7. Qf3 Nd7
8. O-O-O e6 9. Qg3 Rg8 10. Kb1 Nf6 11. Qb3 c6 12. Be2 Qb6 13. Qxb6 axb6 14. Nf3
Bd7 15. h3 Bf8 16. g4 Bc5 17. Ne5 Rd8 18. Nd3 Ne4 19. Be1 Bd6 20. Rg1 c5 21. f3
Ng5 22. Nf2 Bc6 23. Ne4 Nxe4 24. fxe4 Bxe4 25. Bh4 Be7 26. Rxd8+ Bxd8 27. Bg3
f5 28. Rd1 Bc6 29. Bd6 Be7 30. Bc7 b5 31. gxf5 exf5 32. Rf1 Kd7 33. Bf4 Rg2 34.
Bd3 Be4 35. Bxb5+ Kc8 36. Ba4 b5 37. Bxb5 Rxc2 38. Ka1 Bf6 39. Bc1 Rh2 40. Ba6+
Kd8 41. Rd1+ Ke7 42. a4 Rxh3 43. Ka2 Bd4 44. Bc4 Rh2 45. a5 h5 46. a6 Rh1 47.
Bg5+ Kd7 48. Rxh1 Bxh1 49. Be2 h4 50. Bxh4 f4 51. a7 Bd5+ 52. Ka3 Kc7 53. b4
cxb4+ 54. Kxb4 1/2-1/2

[Event "SF Essen-Werden 1 - SV Erkenschwick 2"]
[Site "Verbandsliga, Gruppe 1 2017/2"]
[Date "2017.10.08"]
[Round "2.7"]
[White "Mathea, Marc"]
[Black "Biermann, Klaus"]
[Result "1-0"]
[WhiteElo "1823"]
[BlackElo "1917"]
[PlyCount "51"]
[EventDate "2017.??.??"]

1. e4 c5 2. Nf3 e6 3. d4 cxd4 4. Nxd4 a6 5. Nc3 Qc7 6. a3 Nc6 7. Be3 Nf6 8. Be2
Be7 9. O-O O-O 10. f4 d6 11. Bf3 Bd7 12. Qd2 Rfd8 13. Qf2 Re8 14. Nb3 Rac8 15.
Rad1 b5 16. g4 h6 17. h4 Nh7 18. g5 b4 19. axb4 Nxb4 20. Rd2 hxg5 21. hxg5 e5
22. Qh4 exf4 23. Bxf4 Qb6+ 24. Kh1 d5 25. Rh2 Qg6 26. Bh5 1-0

[Event "SF Essen-Werden 1 - SV Erkenschwick 2"]
[Site "Verbandsliga, Gruppe 1 2017/2"]
[Date "2017.10.08"]
[Round "2.8"]
[White "Brixius, Dirk"]
[Black "Stoetzel, Martin"]
[Result "0-1"]
[WhiteElo "1821"]
[BlackElo "1751"]
[Annotator "Daniel"]
[PlyCount "134"]
[EventDate "2017.??.??"]

1. c4 e5 2. Nc3 Nf6 3. g3 d5 4. cxd5 Nxd5 5. Bg2 Nb6 6. Nf3 Nc6 7. O-O Be7 8.
d3 O-O 9. h3 Be6 10. Kh2 f6 11. b3 Nd4 12. Nxd4 Qxd4 13. Bb2 c6 14. Rc1 Qd8 15.
Ne4 Bd5 16. Qc2 Rc8 17. Rfd1 Qe8 18. Nc5 Bxg2 19. Kxg2 Bxc5 20. Qxc5 Qe6 21.
Ba3 Rfd8 22. f3 Qd5 23. Qf2 Qa5 24. Bc5 Qxa2 25. Ra1 Qxb3 26. Rdb1 Qc2 27. Bxb6
axb6 28. Rxb6 Rd7 29. Rab1 Rcc7 30. Qe3 Qa2 31. R1b2 Qd5 32. Qd2 h6 33. Qc2 f5
34. Qa4 Qf7 35. R2b4 Qd5 36. Rc4 Qf7 37. Qa5 Rd5 38. Qa4 Qe7 39. Qa2 Qf7 40.
Ra4 Rdd7 41. Ra8+ Kh7 42. Qa3 Re7 43. Qd6 e4 44. dxe4 fxe4 45. f4 Qc4 46. Qd2
Qc5 47. Rb3 $11 Rcd7 48. Qb2 Rd1 49. e3 Red7 50. Ra2 b5 51. Qc2 Qxc2+ 52. Rxc2
R7d2+ 53. Rxd2 Rxd2+ 54. Kf1 Rh2 55. h4 Rh1+ 56. Kf2 Rh2+ 57. Kf1 Ra2 58. Rc3
Ra6 59. f5 h5 60. Kg2 b4 61. Rc4 Rb6 62. g4 hxg4 63. Kg3 b3 64. Rc1 c5 65. Kf4
c4 66. Kxe4 c3 67. Kd3 c2 0-1

[Event "SV Bottrop 1 - SV Bönen 1"]
[Site "Verbandsliga, Gruppe 1 2017/2"]
[Date "2017.10.08"]
[Round "2.1"]
[White "Schlottmann, Fabian"]
[Black "Stadtmann, Jens"]
[Result "1-0"]
[WhiteElo "2282"]
[BlackElo "2128"]
[Annotator "Daniel"]
[PlyCount "99"]
[EventDate "2017.??.??"]

1. d4 Nf6 2. c4 e6 3. Nc3 Bb4 4. Bg5 h6 5. Bh4 Bxc3+ 6. bxc3 d6 7. Nf3 Nbd7 8.
e3 O-O 9. Nd2 e5 10. Bd3 c5 11. O-O Qa5 12. Qc2 Re8 13. Rfb1 Qc7 14. h3 b6 15.
Bg3 Bb7 16. a4 a5 17. d5 Rab8 18. f3 Kh8 $11 19. Rb2 Nf8 20. Bh2 Bc8 21. Rab1
Kg8 22. g4 Qd8 23. Rb3 Re7 24. Bg3 Reb7 25. Kg2 Bd7 26. R3b2 Qe8 27. Ra2 Bc8
28. Rh1 g6 29. h4 N8h7 30. h5 g5 31. Rf1 Kg7 32. Qb1 Qe7 33. Rf2 Bd7 34. Qd1
Re8 35. Rb2 Rd8 36. Qb1 Rdb8 37. Bc2 Nf8 38. Rf1 Qe8 39. Qd1 Qe7 40. Re1 Rd8
41. Ne4 N8h7 42. Nf2 Re8 43. Qb1 Qd8 44. f4 exf4 45. exf4 Rxe1 46. Qxe1 Bxg4
47. Bxh7 Bxh5 48. Bf5 Re7 49. Qc1 g4 50. Bh4 1-0

[Event "SV Bottrop 1 - SV Bönen 1"]
[Site "Verbandsliga, Gruppe 1 2017/2"]
[Date "2017.10.08"]
[Round "2.2"]
[White "Boehm, Joachim"]
[Black "Lenz, Guntram"]
[Result "1/2-1/2"]
[WhiteElo "2163"]
[BlackElo "1952"]
[Annotator "Daniel"]
[PlyCount "95"]
[EventDate "2017.??.??"]

1. Nf3 d5 2. c4 dxc4 3. Na3 Nf6 4. Nxc4 Nc6 5. g3 g6 6. Bg2 Bg7 7. O-O O-O 8.
d3 Re8 9. Bd2 e5 10. Qc2 Nd4 11. Nxd4 exd4 12. Rfe1 Nd5 13. Na5 c6 14. a3 Qb6
15. Rac1 Bg4 16. Kf1 Rad8 17. Qb3 Rd7 18. Bf3 Bxf3 19. exf3 Rxe1+ 20. Rxe1 Kf8
21. Qc2 Re7 22. Re4 f5 23. Rxe7 Kxe7 24. Nb3 Qb5 25. Be1 Kf7 26. Na5 Qb6 27.
Nc4 Qc7 28. Qb3 Ke8 29. Qxb7 Qxb7 30. Nd6+ Kd7 31. Nxb7 Bh6 32. f4 Bf8 33. Na5
c5 34. Ke2 Nb6 35. Kd2 Ke6 36. b3 Kd5 37. Ke2 Be7 38. Nc4 Nxc4 39. dxc4+ Kc6
40. b4 a6 41. Kd3 a5 42. bxc5 a4 43. Bb4 Bf6 44. f3 h5 45. h3 Bg7 46. g4 Bf6
$11 47. Ke2 Bg7 48. Kd3 1/2-1/2